00590 2200217 4500001002100000005001500021035002000036245007700056100002500133250001400158300003000172264003600202336002200238337002000260338002200280082000800302084001400310020002200324600001300346990001300359INLIS00000000000195320240812125315 a0010-08240000471 aIqra' :bBerjalanlah terus dan Berusahalah untuk tidak tersesat /cStone0 aReza NufaePengarang aCetakan 1 a369 halaman :b- ;c20 cm aJogjakarta :bDiva Press,c2011 2rdacontentaCetak 2rdamediaaCetak 2rdacarrieraCetak a813 a813 REZ i a978-602-978-907-2 4aMotivasi a24000053